000 00669nam a2200193 a 4500
001 BRCA_1356
005 20190320203405.0
008 911101s1989----nyua---##b---#001-0#eng-#
020 _a0500233284
050 4 _aNK2808
_b.F65 1992
100 1 _aFord, P. R. J.
_94434
245 1 0 _aOriental Carpet Design
_ba Guide to Traditional Motifs, Patterns, and Symbols
_cP.R.J. Ford.
260 _aLondres
_bThames and Hudson
_c1989
300 _a352 p.
_bil. (algunas a color)
_c32 cm.
_emaps
500 _aíndice of carpet alfombra, origins illustrated e índice general alfabético
504 _aBibliografía p. 342
650 1 4 _aAlfombras orientales.
_94435
942 _2lcc
_cB
999 _c1218
_d1218